[Event "34.Gold-Cup 2006 Meran"]
[Site "Meran/Südtirol (21.4.-29.4)"]
[Date "2006.04.26"]
[Round "6.1"]
[White "Klages, Hans Juergen"]
[Black "Kelchner, Hans"]
[Result "1/2-1/2"]
[WhiteElo "2051"]
[BlackElo "2019"]
[PlyCount "60"]
[EventDate "2006.04.??"]
[Source "Chess-Org"]
[SourceDate "2006.09.01"]

1. c4 Nf6 2. Nc3 e6 3. g3 d5 4. Bg2 c5 5. Nf3 d4 6. Nb5 Nc6 7. d3 a6 8. Na3 e5
9. Nc2 Bd7 10. O-O Be7 11. a3 b5 12. b4 bxc4 13. dxc4 Rb8 14. bxc5 Bxc5 15. Nb4
Bxb4 16. axb4 Qc7 17. b5 axb5 18. cxb5 Rxb5 19. Ba3 Nd5 20. Qd2 f6 21. e3 Kf7
22. exd4 e4 23. Ne1 Re8 24. Nc2 Na5 25. Ne3 Qb7 26. Qa2 f5 27. Rab1 Rc8 28. Bc5
Be6 29. Rxb5 Qxb5 30. Rb1 Qc6 1/2-1/2

[Event "34.Gold-Cup 2006 Meran"]
[Site "Meran/Südtirol (21.4.-29.4)"]
[Date "2006.04.26"]
[Round "6.2"]
[White "Kreie, Guenter"]
[Black "Krieger, Hermann"]
[Result "0-1"]
[WhiteElo "1812"]
[BlackElo "2155"]
[PlyCount "62"]
[EventDate "2006.04.??"]
[Source "Chess-Org"]
[SourceDate "2006.09.01"]

1. e4 c5 2. Nf3 d6 3. d4 cxd4 4. Nxd4 Nf6 5. Nc3 g6 6. Be2 Bg7 7. Be3 O-O 8.
Nb3 Nc6 9. f4 Be6 10. O-O Rc8 11. h3 a6 12. Nd4 Bd7 13. Nb3 b5 14. Bf3 Be6 15.
Nd5 Nd7 16. c3 Kh8 17. Nd4 Bxd5 18. exd5 Na5 19. Be2 Nb6 20. Bf3 Re8 21. Kh1 e6
22. dxe6 fxe6 23. Bg4 Nd5 24. Bc1 Nc7 25. Re1 Qf6 26. a4 Nc4 27. b3 Nb6 28.
axb5 axb5 29. Ra7 Nbd5 30. Qd2 Nxc3 31. Qxc3 Qxd4 0-1

[Event "34.Gold-Cup 2006 Meran"]
[Site "Meran/Südtirol (21.4.-29.4)"]
[Date "2006.04.26"]
[Round "6.3"]
[White "Graf, Joachim[60]"]
[Black "Josting, Friedel"]
[Result "1-0"]
[WhiteElo "2036"]
[BlackElo "1800"]
[PlyCount "105"]
[EventDate "2006.04.??"]
[Source "Chess-Org"]
[SourceDate "2006.09.01"]

1. d4 e6 2. Nf3 d5 3. c4 Nf6 4. e3 Nbd7 5. Bd3 c6 6. O-O Bd6 7. Nbd2 O-O 8. b3
e5 9. dxe5 Nxe5 10. Be2 Bg4 11. Bb2 Qe7 12. Bxe5 Bxe5 13. Nxe5 Bxe2 14. Nxc6
bxc6 15. Qxe2 d4 16. Rfe1 Rfe8 17. Qf3 Qb4 18. Rad1 c5 19. h3 Rad8 20. e4 Nd7
21. Qg3 Re6 22. Qc7 Qb6 23. Qxb6 axb6 24. f4 Rde8 25. Kf2 f6 26. Kf3 g5 27. g3
Kg7 28. h4 h5 29. hxg5 fxg5 30. e5 Kg6 31. Ne4 Rf8 32. Nxg5 Rxe5 33. Kg2 Ree8
34. Ne6 Rf7 35. Nc7 Rxe1 36. Rxe1 h4 37. Nd5 hxg3 38. Kxg3 Kf5 39. Kf3 Rh7 40.
Re7 Rxe7 41. Nxe7+ Ke6 42. Nd5 Kd6 43. Ke4 Ke6 44. f5+ Kf7 45. Kf4 Kf8 46. a3
Ke8 47. b4 Kd8 48. Ke4 Kc8 49. f6 Kd8 50. f7 d3 51. Ke3 cxb4 52. axb4 Kc8 53.
Nxb6+ 1-0

[Event "34.Gold-Cup 2006 Meran"]
[Site "Meran/Südtirol (21.4.-29.4)"]
[Date "2006.04.26"]
[Round "6.4"]
[White "Meinke, Dietlind"]
[Black "Jacob, Konrad"]
[Result "1-0"]
[WhiteElo "1745"]
[BlackElo "1772"]
[PlyCount "136"]
[EventDate "2006.04.??"]
[Source "Chess-Org"]
[SourceDate "2006.09.01"]

1. e4 e5 2. Nf3 Nc6 3. Bb5 Nf6 4. O-O a6 5. Ba4 Be7 6. Re1 b5 7. Bb3 O-O 8. d4
d6 9. c3 Bb7 10. Nbd2 Nd7 11. Nf1 Bf6 12. Ng3 g6 13. Bh6 Bg7 14. Qd2 Na5 15.
Bxg7 Kxg7 16. Bc2 Nc4 17. Qc1 Rc8 18. b3 Ncb6 19. Qd2 Qf6 20. Rad1 Rcd8 21. h3
Nc8 22. Nh2 h5 23. Re3 Qg5 24. Qe2 Ne7 25. Nf3 Qh6 26. Nh4 f6 27. Rf1 Bc8 28.
Qe1 Nb8 29. Qb1 Nbc6 30. d5 Na5 31. Bd1 c6 32. dxc6 Naxc6 33. Bc2 Qf4 34. Nf3
Be6 35. Ne2 Qh6 36. Rd1 d5 37. Red3 dxe4 38. Rxd8 Rxd8 39. Bxe4 Qh8 40. Rxd8
Qxd8 41. Qd3 Qxd3 42. Bxd3 Bd5 43. Nd2 f5 44. f3 Kf6 45. h4 Na5 46. Kf2 Nb7 47.
c4 Nc5 48. Bc2 bxc4 49. Nxc4 Bxc4 50. bxc4 f4 51. Nc3 g5 52. hxg5+ Kxg5 53.
Ne4+ Nxe4+ 54. Bxe4 h4 55. Bb7 a5 56. c5 Kf6 57. Ke2 Ke6 58. Kd3 Kd7 59. Ke4
Ke6 60. Ba6 Nc6 61. Bc4+ Kf6 62. Kd5 Ne7+ 63. Kd6 Nf5+ 64. Kd7 Ne3 65. Be6 Nxg2
66. c6 e4 67. c7 e3 68. Bc4 Ne1 1-0

[Event "34.Gold-Cup 2006 Meran"]
[Site "Meran/Südtirol (21.4.-29.4)"]
[Date "2006.04.26"]
[Round "6.5"]
[White "Gerhards, Walter"]
[Black "Siegmund, Rainer"]
[Result "0-1"]
[WhiteElo "1859"]
[BlackElo "2033"]
[PlyCount "98"]
[EventDate "2006.04.??"]
[Source "Chess-Org"]
[SourceDate "2006.09.01"]

1. e4 c5 2. Nf3 Nc6 3. Bb5 g6 4. O-O Bg7 5. c3 e5 6. Re1 Nge7 7. Na3 O-O 8. Nc2
Qb6 9. Bf1 d6 10. Ne3 h6 11. Nc4 Qc7 12. a4 Kh7 13. b3 f5 14. exf5 gxf5 15. Bb2
Ng6 16. d3 d5 17. Ne3 Be6 18. c4 d4 19. Nc2 Rae8 20. Ba3 b6 21. Rb1 a5 22. Bc1
Bd7 23. h4 Nge7 24. Nh2 Qd6 25. Qf3 Nd8 26. Bd2 Bc6 27. Qg3 Rg8 28. f3 Bf6 29.
Qf2 Ng6 30. h5 Ne7 31. Na3 Nf7 32. Nb5 Qd7 33. Re2 Nc8 34. Qe1 Ncd6 35. Qc1 Bh4
36. Be1 Bg3 37. Bxg3 Rxg3 38. Qe1 Rg7 39. Qh4 Nxb5 40. axb5 Bb7 41. Rbe1 Qd6
42. Kh1 Rgg8 43. Rf2 Qe7 44. Qh3 Qg5 45. f4 exf4 46. Rxe8 Rxe8 47. Nf3 Qg4 48.
Qh2 Re3 49. Nh4 Rh3 0-1

[Event "34.Gold-Cup 2006 Meran"]
[Site "Meran/Südtirol (21.4.-29.4)"]
[Date "2006.04.26"]
[Round "6.6"]
[White "Muscolino, Attilio"]
[Black "Kleifges, Matthias Dr.[63]"]
[Result "0-1"]
[WhiteElo "1797"]
[BlackElo "1996"]
[PlyCount "84"]
[EventDate "2006.04.??"]
[Source "Chess-Org"]
[SourceDate "2006.09.01"]

1. e4 e6 2. d4 d5 3. e5 c5 4. c3 Nc6 5. Nf3 Qb6 6. a3 a5 7. Qa4 Bd7 8. Bb5 Nxe5
9. Bxd7+ Nxd7 10. O-O Qc6 11. Qc2 Ngf6 12. Be3 Bd6 13. Nbd2 O-O 14. dxc5 Bxc5
15. Bf4 a4 16. Rac1 Rfc8 17. h3 h6 18. Qd1 Qb5 19. c4 dxc4 20. Kh1 Bf8 21. Nd4
Qd5 22. Be3 Ne5 23. Qe2 b5 24. Nb1 Ne4 25. Rcd1 Qb7 26. Kh2 Bd6 27. Kg1 Nd3 28.
Qg4 Nf6 29. Qh4 Be5 30. Rd2 Qe4 31. Qxe4 Nxe4 32. Rc2 Rab8 33. f4 Bf6 34. Kh2
b4 35. axb4 Rxb4 36. Na3 Nxb2 37. Rb1 c3 38. Nab5 Nd3 39. Ra1 Rcc4 40. Nxc3
Rxc3 41. Rxc3 Nxc3 42. Ra3 Bxd4 0-1

[Event "34.Gold-Cup 2006 Meran"]
[Site "Meran/Südtirol (21.4.-29.4)"]
[Date "2006.04.26"]
[Round "6.7"]
[White "Selkind, Leo"]
[Black "Schweitzer, Paul"]
[Result "1-0"]
[WhiteElo "1814"]
[BlackElo "1645"]
[PlyCount "83"]
[EventDate "2006.04.??"]
[Source "Chess-Org"]
[SourceDate "2006.09.01"]

1. e4 d6 2. d4 e6 3. f4 Ne7 4. Nf3 a6 5. c4 Ng6 6. Be3 Nd7 7. Nc3 Be7 8. Bd3
Nh4 9. O-O Nxf3+ 10. Qxf3 O-O 11. Rad1 f5 12. e5 c6 13. g4 dxe5 14. dxe5 Nc5
15. Bxf5 Qa5 16. Bb1 Nd7 17. Qh3 g6 18. Ne4 Rb8 19. g5 Nxe5 20. fxe5 Rxf1+ 21.
Rxf1 Qxe5 22. Nf6+ Bxf6 23. gxf6 Bd7 24. f7+ Kf8 25. Bh6+ Ke7 26. f8=Q+ Rxf8
27. Bxf8+ Kd8 28. Bh6 Qd4+ 29. Be3 Qxb2 30. Qh4+ Kc7 31. Qd4 Qe2 32. Qb6+ Kb8
33. Qd4 Kc7 34. Bf4+ Kd8 35. Qe5 Qg4+ 36. Bg3 Qxg3+ 37. Qxg3 b5 38. Qd6 Kc8 39.
c5 a5 40. Rf8+ Be8 41. Qxc6+ Kb8 42. Be4 1-0

[Event "34.Gold-Cup 2006 Meran"]
[Site "Meran/Südtirol (21.4.-29.4)"]
[Date "2006.04.26"]
[Round "6.8"]
[White "Schuchardt, Heinz"]
[Black "Perk, Egbert"]
[Result "0-1"]
[WhiteElo "1735"]
[BlackElo "1886"]
[PlyCount "117"]
[EventDate "2006.04.??"]
[Source "Chess-Org"]
[SourceDate "2006.09.01"]

1. c4 e5 2. Nc3 Nf6 3. g3 Bb4 4. Bg2 c6 5. e3 O-O 6. Nge2 d5 7. Qb3 Bxc3 8.
bxc3 dxc4 9. Qxc4 Be6 10. Qa4 Qd3 11. Ba3 Rd8 12. Qd1 Rd7 13. Nc1 Qa6 14. Bb2
Bc4 15. Nb3 Qb5 16. f3 a5 17. Rb1 a4 18. Bc1 axb3 19. axb3 Bd3 20. Rb2 Ra1 21.
c4 Qb4 22. Kf2 Na6 23. f4 exf4 24. gxf4 Nc5 25. Rg1 Bg6 26. Bh3 Re7 27. d4 Be4
28. Bf1 Qc3 29. Be2 Qxb2 30. Bxb2 Rxd1 31. Rxd1 Nxb3 32. Rg1 Bf5 33. d5 Ne4+
34. Ke1 f6 35. Bf3 Nbc5 36. Bd4 Kf7 37. Bxc5 Nxc5 38. dxc6 bxc6 39. Bxc6 Ra7
40. Bd5+ Kf8 41. Kf2 Ra2+ 42. Kf3 h5 43. h3 Bxh3 44. Rb1 Bg4+ 45. Kg3 Ra3 46.
Rb8+ Ke7 47. Rg8 Rxe3+ 48. Kf2 Re2+ 49. Kg3 Ne4+ 50. Bxe4 Rxe4 51. Rxg7+ Kd6
52. Ra7 Rxc4 53. Ra6+ Rc6 54. Ra3 Ke6 55. Rb3 Rc5 56. Kh4 Kf5 57. Rb4 Rc3 58.
Rb5+ Ke4 59. Rxh5 0-1

[Event "34.Gold-Cup 2006 Meran"]
[Site "Meran/Südtirol (21.4.-29.4)"]
[Date "2006.04.26"]
[Round "6.9"]
[White "Marek, Herbert"]
[Black "Willin, Bernhard[51SUI]"]
[Result "0-1"]
[WhiteElo "1622"]
[BlackElo "1809"]
[PlyCount "92"]
[EventDate "2006.04.??"]
[Source "Chess-Org"]
[SourceDate "2006.09.01"]

1. d4 Nf6 2. c4 g6 3. Nc3 Bg7 4. e4 d6 5. Nf3 O-O 6. Be2 Nbd7 7. Bg5 h6 8. Bh4
c6 9. O-O Qc7 10. Ne1 e5 11. d5 Nc5 12. Qc2 a5 13. Rb1 Ne8 14. Nd3 Nxd3 15.
Bxd3 g5 16. Bg3 c5 17. h4 Bf6 18. hxg5 hxg5 19. f3 Ng7 20. Be1 Nh5 21. Ne2 Kg7
22. Kf2 Rh8 23. Rh1 g4 24. Bd2 Qe7 25. g3 gxf3 26. Kxf3 Bg5 27. Rbg1 Qf6+ 28.
Kg2 Bg4 29. Rf1 Qg6 30. Bxg5 Qxg5 31. Qc1 Qg6 32. Qe3 Rh6 33. Kf2 Rah8 34. Ke1
Nf6 35. Rxh6 Rxh6 36. Qf2 Nh7 37. Nc3 Ng5 38. Be2 Bh3 39. Rh1 Nxe4 40. Nxe4
Qxe4 41. Rh2 Qb1+ 42. Bd1 Bg4 43. Qd2 Rxh2 44. Qg5+ Qg6 45. Qxg4 Qxg4 46. Bxg4
Rxb2 0-1

[Event "34.Gold-Cup 2006 Meran"]
[Site "Meran/Südtirol (21.4.-29.4)"]
[Date "2006.04.26"]
[Round "6.11"]
[White "Otto, Klaus[41Triebes]"]
[Black "Hapke, Yvonne[75]"]
[Result "0-1"]
[WhiteElo "1503"]
[BlackElo "1578"]
[PlyCount "58"]
[EventDate "2006.04.??"]
[Source "Chess-Org"]
[SourceDate "2006.09.01"]

1. e4 e5 2. Nf3 Nc6 3. Bc4 Nf6 4. Ng5 d5 5. exd5 Na5 6. Bb5+ c6 7. dxc6 bxc6 8.
Be2 h6 9. Nf3 e4 10. Ne5 Bd6 11. Nc4 Nxc4 12. Bxc4 O-O 13. O-O Bxh2+ 14. Kh1
Bc7 15. Be2 Qd6 16. g3 h5 17. Bxh5 g6 18. Be2 Qe6 19. g4 Nxg4 20. Bxg4 Qxg4 21.
Qxg4 Bxg4 22. b3 Kg7 23. f4 Bf3+ 24. Kg1 Bb6+ 25. Kh2 Rh8+ 26. Kg3 Bd4 27. c3
Bf6 28. Kf2 Rh2+ 29. Ke3 Re2# 0-1

[Event "34.Gold-Cup 2006 Meran"]
[Site "Meran/Südtirol (21.4.-29.4)"]
[Date "2006.04.26"]
[Round "6.12"]
[White "Kuhn, Hans[50]"]
[Black "Wagner, Gerhard[50Windach]"]
[Result "0-1"]
[WhiteElo "1317"]
[BlackElo "1399"]
[PlyCount "68"]
[EventDate "2006.04.??"]
[Source "Chess-Org"]
[SourceDate "2006.09.01"]

1. e4 c5 2. Nf3 d6 3. d4 cxd4 4. Nxd4 Nf6 5. Nc3 a6 6. Be2 e6 7. O-O Be7 8. Nf3
O-O 9. Be3 Nbd7 10. h3 b5 11. Bd3 Bb7 12. Ne2 Bxe4 13. Bxe4 Nxe4 14. c3 Rc8 15.
Rc1 d5 16. Bd4 Bf6 17. Rc2 Rc6 18. Bxf6 Qxf6 19. Qd4 Qxd4 20. Nfxd4 Rc7 21. f3
Nd6 22. a3 Rfc8 23. Rfc1 Nc5 24. Kf1 e5 25. b4 exd4 26. bxc5 Rxc5 27. Nxd4 Nc4
28. Ke2 Nxa3 29. Ra2 Rxc3 30. Rxc3 Rxc3 31. Kd2 b4 32. Ne2 Rc8 33. Nd4 g6 34.
Nc2 Rxc2+ 0-1

[Event "34.Gold-Cup 2006 Meran"]
[Site "Meran/Südtirol (21.4.-29.4)"]
[Date "2006.04.27"]
[Round "7.1"]
[White "Graf, Joachim[60]"]
[Black "Klages, Hans Juergen"]
[Result "1/2-1/2"]
[WhiteElo "2036"]
[BlackElo "2051"]
[PlyCount "94"]
[EventDate "2006.04.??"]
[Source "Chess-Org"]
[SourceDate "2006.09.01"]

1. d4 c5 2. e3 Nf6 3. Nf3 e6 4. c4 cxd4 5. exd4 d5 6. Nc3 Be7 7. Bg5 O-O 8. Be2
dxc4 9. Bxc4 Nc6 10. O-O b6 11. Re1 Bb7 12. Qd2 Rc8 13. Rad1 Nb4 14. Ne5 Nbd5
15. Bb3 Nxc3 16. bxc3 Ne4 17. Bxe7 Qxe7 18. Qb2 Nxc3 19. Rd3 Nd5 20. Qd2 Qb4
21. Qd1 Rc3 22. Rxc3 Qxc3 23. Bxd5 Bxd5 24. Re3 Qc7 25. h3 Bxa2 26. Rg3 f6 27.
Ng4 Bd5 28. Qa1 b5 29. Qa3 Kf7 30. Qd3 f5 31. Ne5+ Kg8 32. Qxb5 Rb8 33. Qa4 Rc8
34. Kh2 Rd8 35. Ra3 Ra8 36. Qa6 Qb6 37. Qa4 Qb7 38. Rg3 a5 39. Kg1 Qc7 40. Kh2
f4 41. Rg4 Rf8 42. f3 Qd8 43. Qc2 h5 44. Rxg7+ Kxg7 45. Qg6+ Kh8 46. Qh6+ Kg8
47. Qg6+ Kh8 1/2-1/2

[Event "34.Gold-Cup 2006 Meran"]
[Site "Meran/Südtirol (21.4.-29.4)"]
[Date "2006.04.27"]
[Round "7.2"]
[White "Krieger, Hermann"]
[Black "Meinke, Dietlind"]
[Result "1-0"]
[WhiteElo "2155"]
[BlackElo "1745"]
[PlyCount "61"]
[EventDate "2006.04.??"]
[Source "Chess-Org"]
[SourceDate "2006.09.01"]

1. e4 d5 2. exd5 Qxd5 3. Nc3 Qa5 4. d4 Bf5 5. Bc4 Nf6 6. Nf3 e6 7. Bd2 c6 8.
Qe2 Be7 9. Nd5 Qd8 10. Nxe7 Qxe7 11. O-O-O Nbd7 12. a3 a5 13. Ne5 O-O 14. g4
Bg6 15. h4 Be4 16. g5 Bxh1 17. gxf6 Nxf6 18. Rxh1 Qd6 19. Nf3 b5 20. Bd3 b4 21.
a4 Qd5 22. Bc4 Qe4 23. Rg1 Qxe2 24. Bxe2 Kh8 25. Ne5 Rac8 26. Nc4 Rfd8 27. Be3
Nd5 28. Nxa5 Ra8 29. Nxc6 Rdc8 30. Bb5 Nc7 31. Kd2 1-0

[Event "34.Gold-Cup 2006 Meran"]
[Site "Meran/Südtirol (21.4.-29.4)"]
[Date "2006.04.27"]
[Round "7.3"]
[White "Kelchner, Hans"]
[Black "Selkind, Leo"]
[Result "1-0"]
[WhiteElo "2019"]
[BlackElo "1814"]
[PlyCount "85"]
[EventDate "2006.04.??"]
[Source "Chess-Org"]
[SourceDate "2006.09.01"]

1. d4 d5 2. Nf3 Nf6 3. c4 e6 4. Nc3 Be7 5. Bg5 c6 6. e3 Nbd7 7. cxd5 exd5 8.
Bd3 O-O 9. Qc2 h6 10. Bh4 Re8 11. O-O Ne4 12. Bg3 Nxg3 13. hxg3 Nf6 14. a3 Bd6
15. b4 a6 16. Bf5 Bxf5 17. Qxf5 Qd7 18. Qh3 Qg4 19. Rfc1 Re7 20. Na4 Rae8 21.
Nc5 Qxh3 22. gxh3 Ne4 23. Nxe4 Rxe4 24. Nd2 R4e7 25. Kg2 f5 26. Nf3 g5 27. h4
Rg7 28. hxg5 hxg5 29. Re1 Kf7 30. Nd2 Kg6 31. Re2 Rh7 32. Rh1 Rxh1 33. Kxh1 f4
34. Kg2 g4 35. gxf4 Bxf4 36. Nf1 Kf5 37. exf4 Rxe2 38. Ng3+ Kxf4 39. Nxe2+ Ke4
40. Kg3 Kd3 41. Kxg4 Kxe2 42. f4 Ke3 43. f5 1-0

[Event "34.Gold-Cup 2006 Meran"]
[Site "Meran/Südtirol (21.4.-29.4)"]
[Date "2006.04.27"]
[Round "7.4"]
[White "Kleifges, Matthias Dr.[63]"]
[Black "Kreie, Guenter"]
[Result "1/2-1/2"]
[WhiteElo "1996"]
[BlackElo "1812"]
[PlyCount "53"]
[EventDate "2006.04.??"]
[Source "Chess-Org"]
[SourceDate "2006.09.01"]

1. e4 c5 2. c3 d5 3. exd5 Qxd5 4. d4 Nc6 5. Nf3 e6 6. Be2 Nf6 7. O-O cxd4 8.
cxd4 Be7 9. Nc3 Qd8 10. Bb5 O-O 11. a3 Qc7 12. Be3 a6 13. Bxc6 Qxc6 14. Ne5 Qd6
15. Qf3 Nd5 16. Ne4 Qd8 17. Qg3 Bh4 18. Qh3 f5 19. Nc5 Bf6 20. Rac1 Bxe5 21.
dxe5 b6 22. Nd3 Bb7 23. Rfd1 Rc8 24. Nb4 Rxc1 25. Bxc1 Qe8 26. Nxd5 exd5 27.
Be3 1/2-1/2

[Event "34.Gold-Cup 2006 Meran"]
[Site "Meran/Südtirol (21.4.-29.4)"]
[Date "2006.04.27"]
[Round "7.5"]
[White "Siegmund, Rainer"]
[Black "Josting, Friedel"]
[Result "1-0"]
[WhiteElo "2033"]
[BlackElo "1800"]
[PlyCount "111"]
[EventDate "2006.04.??"]
[Source "Chess-Org"]
[SourceDate "2006.09.01"]

1. d4 Nf6 2. c4 e6 3. Nc3 c5 4. d5 exd5 5. cxd5 d6 6. e4 g6 7. Nf3 Bg4 8. Be2
Bxf3 9. Bxf3 Bg7 10. Bf4 O-O 11. O-O a6 12. a4 Ne8 13. Qd2 Nd7 14. Be2 Ndf6 15.
Rfe1 Qd7 16. h3 Nc7 17. Bf3 Rae8 18. e5 dxe5 19. Bxe5 Ne4 20. Nxe4 Rxe5 21.
Nxc5 Qe8 22. d6 b6 23. dxc7 bxc5 24. Bb7 Qe6 25. Rad1 Re8 26. c8=Q Rxc8 27.
Rxe5 Bxe5 28. Bxc8 Qxc8 29. Qd8+ Qxd8 30. Rxd8+ Kg7 31. b3 Bc3 32. Kf1 h5 33.
Rd6 a5 34. Ke2 Kf8 35. Kd3 Ke7 36. Ra6 Bb4 37. Kc4 g5 38. f3 h4 39. Kd5 Kf8 40.
Rc6 Ke7 41. Rxc5 Bxc5 42. Kxc5 Ke6 43. b4 axb4 44. Kxb4 Kf5 45. a5 Kf4 46. a6
Kg3 47. a7 Kxg2 48. a8=Q Kxh3 49. Qe4 f6 50. Kc4 Kh2 51. Qg4 h3 52. Kd4 f5 53.
Qxg5 Kh1 54. Qxf5 h2 55. Qh3 Kg1 56. f4 1-0

[Event "34.Gold-Cup 2006 Meran"]
[Site "Meran/Südtirol (21.4.-29.4)"]
[Date "2006.04.27"]
[Round "7.6"]
[White "Wulf, Adalbert"]
[Black "Perk, Egbert"]
[Result "0-1"]
[WhiteElo "1755"]
[BlackElo "1886"]
[PlyCount "74"]
[EventDate "2006.04.??"]
[Source "Chess-Org"]
[SourceDate "2006.09.01"]

1. d4 d6 2. e4 Nf6 3. Bd3 e5 4. d5 Be7 5. c4 c6 6. Nc3 a5 7. h3 Nbd7 8. Be3
cxd5 9. cxd5 b6 10. Nge2 Nc5 11. Bxc5 bxc5 12. O-O O-O 13. b3 Nh5 14. Qc2 g6
15. g4 Nf4 16. Nxf4 exf4 17. Ne2 Bf6 18. Rab1 Be5 19. f3 h5 20. Kg2 Qg5 21. Rh1
hxg4 22. hxg4 Bd7 23. Kf2 Kg7 24. Rbg1 Rh8 25. Ke1 a4 26. Bc4 axb3 27. Bxb3
Rhc8 28. Qd3 Ra3 29. Qc4 Rb8 30. Nc1 Bb5 31. Qc2 c4 32. Rg2 cxb3 33. Nxb3 Qd8
34. Rgh2 Qb6 35. Rh7+ Kg8 36. Qf2 Qxf2+ 37. Kxf2 Rxa2+ 0-1

[Event "34.Gold-Cup 2006 Meran"]
[Site "Meran/Südtirol (21.4.-29.4)"]
[Date "2006.04.27"]
[Round "7.7"]
[White "Jacob, Konrad"]
[Black "Gerhards, Walter"]
[Result "1-0"]
[WhiteElo "1772"]
[BlackElo "1859"]
[PlyCount "49"]
[EventDate "2006.04.??"]
[Source "Chess-Org"]
[SourceDate "2006.09.01"]

1. e4 e6 2. d4 d5 3. Bd3 Nf6 4. e5 Nfd7 5. Ne2 c5 6. c3 Nc6 7. Bb5 Qb6 8. Bxc6
bxc6 9. O-O Ba6 10. Re1 cxd4 11. cxd4 c5 12. Nbc3 cxd4 13. Na4 Qc7 14. Nxd4 Bb4
15. Bd2 Bxd2 16. Qxd2 Nb6 17. Qa5 Bb7 18. Nb5 Qe7 19. Nd6+ Kf8 20. Nxb6 axb6
21. Qxb6 Ba6 22. Rac1 f5 23. Rc7 Qh4 24. Nf7 Rg8 25. Qd6+ 1-0

[Event "34.Gold-Cup 2006 Meran"]
[Site "Meran/Südtirol (21.4.-29.4)"]
[Date "2006.04.27"]
[Round "7.9"]
[White "Hapke, Yvonne[75]"]
[Black "Muscolino, Attilio"]
[Result "0-1"]
[WhiteElo "1578"]
[BlackElo "1797"]
[PlyCount "62"]
[EventDate "2006.04.??"]
[Source "Chess-Org"]
[SourceDate "2006.09.01"]

1. e4 c5 2. Nf3 e6 3. d4 cxd4 4. Nxd4 Nf6 5. Nc3 a6 6. Be3 Qc7 7. f3 Bb4 8. Qd2
d5 9. Bd3 dxe4 10. fxe4 Ng4 11. Nde2 Nxe3 12. Qxe3 Nc6 13. O-O-O Ne5 14. Rhf1
Bd7 15. a3 Be7 16. Kb1 b5 17. Qg3 O-O 18. Nf4 Bd6 19. Nh5 Ng6 20. Qe3 Rab8 21.
Rf3 b4 22. axb4 Rxb4 23. Bxa6 Rfb8 24. b3 Be5 25. Qd3 Be8 26. Kc1 Qa5 27. Bc4
Bxc3 28. Qxc3 Qxh5 29. Qe3 Ne5 30. c3 Nxc4 31. bxc4 Rb1+ 0-1

[Event "34.Gold-Cup 2006 Meran"]
[Site "Meran/Südtirol (21.4.-29.4)"]
[Date "2006.04.27"]
[Round "7.10"]
[White "Schweitzer, Paul"]
[Black "Wagner, Gerhard[50Windach]"]
[Result "1-0"]
[WhiteElo "1645"]
[BlackElo "1399"]
[PlyCount "109"]
[EventDate "2006.04.??"]
[Source "Chess-Org"]
[SourceDate "2006.09.01"]

1. Nf3 d5 2. c4 e6 3. cxd5 exd5 4. e3 Nf6 5. Bb5+ c6 6. Ba4 Be7 7. a3 O-O 8.
Nc3 Bg4 9. d4 Qc7 10. Bc2 Re8 11. h3 Bc8 12. Bd2 Bd6 13. Ne2 Ne4 14. Bb4 Bxb4+
15. axb4 Qb6 16. Ra4 Na6 17. Bxe4 dxe4 18. Nd2 Nxb4 19. Nc4 Nd3+ 20. Qxd3 Qc7
21. Qd1 b5 22. Rb4 bxc4 23. Rxc4 Be6 24. Rc5 Rab8 25. Qa1 Rb5 26. Qc1 Rxc5 27.
Qxc5 Qb6 28. Qa3 Rb8 29. O-O Bc4 30. Re1 Qxb2 31. Qxa7 Qb4 32. Nc3 Rf8 33. Qa1
f5 34. Rb1 Qd6 35. Rb7 Rb8 36. Rxb8+ Qxb8 37. Qa5 Qf8 38. g4 g6 39. Qe5 Qf7 40.
gxf5 gxf5 41. Kh2 h5 42. f3 exf3 43. Qg3+ Kh7 44. Qxf3 Qg6 45. Qg3 Qe6 46. h4
Qe7 47. Qf4 Qf7 48. Kg3 Qg7+ 49. Kf2 Bd3 50. Qg3 Qf6 51. Qc7+ Kg6 52. Qf4 Kf7
53. Na4 Be4 54. Nc5 Qg7 55. Nxe4 1-0

[Event "34.Gold-Cup 2006 Meran"]
[Site "Meran/Südtirol (21.4.-29.4)"]
[Date "2006.04.27"]
[Round "7.11"]
[White "Marek, Herbert"]
[Black "Otto, Klaus[41Triebes]"]
[Result "0-1"]
[WhiteElo "1622"]
[BlackElo "1503"]
[PlyCount "82"]
[EventDate "2006.04.??"]
[Source "Chess-Org"]
[SourceDate "2006.09.01"]

1. d4 Nf6 2. c4 e5 3. dxe5 Ng4 4. e3 Nxe5 5. Nh3 d6 6. Nf4 Bf5 7. Nc3 Ng6 8. e4
Bd7 9. Bd3 Nc6 10. Nxg6 hxg6 11. Be3 Ne5 12. Be2 Be6 13. b3 Be7 14. Nd5 Bxd5
15. exd5 Bg5 16. Qd2 Bf6 17. Rd1 Qe7 18. b4 b6 19. Rc1 a5 20. a3 Qd7 21. h3 Qe7
22. c5 axb4 23. axb4 Nd7 24. cxb6 Nxb6 25. O-O O-O 26. Rfe1 Qd8 27. Bb5 Nd7 28.
f4 Re8 29. Rc2 Ra1 30. Rxa1 Bxa1 31. Qc1 Qf6 32. Bxd7 Rxe3 33. Rxc7 Bd4 34.
Rc8+ Kh7 35. Kh1 Qxf4 36. Rc4 Qe5 37. Qf1 Re1 38. Rc1 Rxf1+ 39. Rxf1 Qxd5 40.
b5 Qe5 41. Rb1 Qg3 0-1

[Event "34.Gold-Cup 2006 Meran"]
[Site "Meran/Südtirol (21.4.-29.4)"]
[Date "2006.04.28"]
[Round "8.1"]
[White "Kelchner, Hans"]
[Black "Krieger, Hermann"]
[Result "1/2-1/2"]
[WhiteElo "2019"]
[BlackElo "2155"]
[PlyCount "29"]
[EventDate "2006.04.??"]
[Source "Chess-Org"]
[SourceDate "2006.09.01"]

1. d4 Nf6 2. c4 e6 3. Nf3 c5 4. d5 exd5 5. cxd5 d6 6. Nc3 g6 7. e4 Bg7 8. Be2
O-O 9. O-O Re8 10. Qc2 a6 11. a4 Nbd7 12. Bf4 Qc7 13. Nd2 Ne5 14. h3 Bd7 15.
Be3 1/2-1/2

[Event "34.Gold-Cup 2006 Meran"]
[Site "Meran/Südtirol (21.4.-29.4)"]
[Date "2006.04.28"]
[Round "8.2"]
[White "Klages, Hans Juergen"]
[Black "Siegmund, Rainer"]
[Result "1/2-1/2"]
[WhiteElo "2051"]
[BlackElo "2033"]
[PlyCount "81"]
[EventDate "2006.04.??"]
[Source "Chess-Org"]
[SourceDate "2006.09.01"]

1. c4 c5 2. Nc3 Nc6 3. Nf3 e5 4. e3 d6 5. d4 cxd4 6. exd4 Bg4 7. Be2 Bxf3 8.
Bxf3 Nxd4 9. Bxb7 Rb8 10. Qa4+ Qd7 11. Qxd7+ Kxd7 12. Be4 f5 13. Bb1 Ne7 14.
Ne2 Nec6 15. Nxd4 Nxd4 16. Be3 g6 17. Bxd4 exd4 18. b3 d5 19. Bd3 Bb4+ 20. Ke2
Rhe8+ 21. Kf3 Bc3 22. Rac1 Kd6 23. Rc2 a5 24. cxd5 Kxd5 25. Kf4 Ke6 26. h4 Kf6
27. g4 fxg4 28. Kxg4 Re5 29. Rh3 h5+ 30. Kf4 g5+ 31. hxg5+ Rxg5 32. Re2 Rbg8
33. f3 Bb4 34. Bc4 Rf5+ 35. Ke4 Re8+ 36. Kd3 Rxe2 37. Kxe2 Bc3 38. a4 Kg5 39.
Bd3 Re5+ 40. Be4 Kf4 41. Kf2 1/2-1/2

[Event "34.Gold-Cup 2006 Meran"]
[Site "Meran/Südtirol (21.4.-29.4)"]
[Date "2006.04.28"]
[Round "8.3"]
[White "Kleifges, Matthias Dr.[63]"]
[Black "Graf, Joachim[60]"]
[Result "1/2-1/2"]
[WhiteElo "1996"]
[BlackElo "2036"]
[PlyCount "43"]
[EventDate "2006.04.??"]
[Source "Chess-Org"]
[SourceDate "2006.09.01"]

1. Nc3 c5 2. Nf3 Nc6 3. d4 cxd4 4. Nxd4 Nf6 5. g3 g6 6. e4 Bg7 7. Bg2 Nxe4 8.
Nxc6 Nxc3 9. Nxd8 Nxd1 10. Nxf7 Nxb2 11. Nxh8 Nd3+ 12. cxd3 Bxa1 13. Nxg6 hxg6
14. Be3 e6 15. Kd2 Bf6 16. Rc1 d5 17. Rc7 a5 18. d4 b5 19. Bf1 Bd7 20. Bd3 Kd8
21. Rc2 g5 22. Rc5 1/2-1/2

[Event "34.Gold-Cup 2006 Meran"]
[Site "Meran/Südtirol (21.4.-29.4)"]
[Date "2006.04.28"]
[Round "8.4"]
[White "Perk, Egbert"]
[Black "Jacob, Konrad"]
[Result "0-1"]
[WhiteElo "1886"]
[BlackElo "1772"]
[PlyCount "110"]
[EventDate "2006.04.??"]
[Source "Chess-Org"]
[SourceDate "2006.09.01"]

1. d4 f5 2. g3 Nf6 3. Bg2 e6 4. Nf3 Be7 5. O-O c6 6. c4 d5 7. b3 O-O 8. Ba3
Nbd7 9. Bxe7 Qxe7 10. Nbd2 Ne4 11. Qc2 Ndf6 12. Ne5 Nxd2 13. Qxd2 Nd7 14. f4
Nxe5 15. fxe5 Bd7 16. c5 b5 17. a4 Rfb8 18. b4 Qd8 19. axb5 Rxb5 20. Ra4 Qb8
21. Rfa1 h6 22. Bf1 a5 23. e3 Rb7 24. bxa5 Rb2 25. Qe1 Qb3 26. Qc1 Rc2 27. Qa3
Qb8 28. Rb4 Qe8 29. Qd3 Rc4 30. Rxc4 dxc4 31. Qxc4 Qh5 32. Bg2 Qg5 33. Kf2 Qd8
34. a6 Qb8 35. Ra2 Kf8 36. Qa4 Qb1 37. a7 Ke7 38. Bf3 g5 39. Qa6 g4 40. Bg2 h5
41. Re2 Bc8 42. Qxc6 Rxa7 43. Qb6 Qa1 44. c6 Ke8 45. c7 Ra2 46. Qc6+ Kf7 47.
Rc2 Qb1 48. Rxa2 Qxa2+ 49. Kg1 Qa1+ 50. Bf1 Qe1 51. Qg2 Qxe3+ 52. Qf2 Qc3 53.
Qf4 Kg6 54. Kf2 Qxc7 55. Bd3 Bd7 0-1